| 000 | 00817cam a2200301 i 4500 | ||
|---|---|---|---|
| 001 | 768714001 | ||
| 003 | CO-MdFUSB | ||
| 005 | 20241203150908.0 | ||
| 007 | ta | ||
| 008 | 241203t1973 -us||||| |||| 00| 0 eng d | ||
| 020 | _a978-0892280278 | ||
| 040 | _cCO-MdFUSB | ||
| 041 | 0 | _aeng | |
| 082 | 0 | 4 |
_223 _a235.4 _bH225b |
| 100 | 1 |
_aHammond, Frank _eautor |
|
| 245 | 1 | 0 |
_aPigs in the parlor : _ba practical guide to deliverance _c/ Frank Hammond , Ida Mae Hammond |
| 264 | 1 |
_aKirkwood : _b Impact _c[1973] |
|
| 264 | 4 | _c©1973 | |
| 300 | _a153 Pag | ||
| 336 |
_atexto _btxt _2rdacontent |
||
| 337 |
_2rdamedia _asin mediación _bn |
||
| 338 |
_2rdacarrier _avolumen _bnc |
||
| 563 | _aRustico | ||
| 653 | _aGuerra espiritual | ||
| 700 |
_aHammond, Ida Mae, _911163 _eautor |
||
| 942 | _cBK | ||
| 945 | _aMiguel | ||
| 999 |
_c41106 _d41106 |
||